Football Teams Teemu Pukki Played For - Statistics

General Stats
  • This quiz has been taken 18 times
  • The average score is 4 of 8
Answer Stats
League Years Team % Correct
England 2018-2023 Norwich City
94%
Scotland 2013-2014 Celtic FC
65%
Denmark 2014-2018 Brøndby IF
53%
Germany 2011-2013 FC Schalke 04
53%
Finland 2010-2011 HJK Helsinki
47%
United States 2023- Minnesota United FC
41%
Spain 2008-2010 Sevilla Atlético
41%
Finland 2006-2008 FC KTP
24%
No matching quizzes found
Score Distribution
Percent of People with Each Score
Percentile by Number Answered
Your Score History
You have not taken this quiz